书目信息 |
| 题名: |
柯丘宾斯基小说选
|
|
| 作者: | 柯丘宾斯基 , Коцюъинский 著 ;王汶 译 | |
| 分册: | ||
| 出版信息: | 北京 外国文学出版社 1983 |
|
| 页数: | 360页 | |
| 开本: | 19cm | |
| 丛书名: | ||
| 单 册: | ||
| 中图分类: | I512.4 | |
| 科图分类: | ||
| 主题词: | 文学 | |
| 电子资源: | ||
| ISBN: | ||
| 000 | 00898nam0 2200289 45 | |
| 001 | 0183010196 | |
| 005 | 20030104220413.9 | |
| 010 | @dCNY0.88 | |
| 091 | @a10208.117 | |
| 100 | @a19950804d1983 em y0chiy0121 ea | |
| 101 | 1 | @achi@crus |
| 102 | @aCN@b110000 | |
| 105 | @ay z 000ay | |
| 106 | @ar | |
| 200 | 10 | @a柯丘宾斯基小说选@Ake qiu bin si ji xiao shuo xuan@f(俄)柯丘宾斯基(М.Коцюъинский)著@g王汶译 |
| 210 | @a北京@c外国文学出版社@d1983 | |
| 215 | @a360页@d19cm | |
| 300 | @a书名原文:Повестии рассказы | |
| 510 | 1 | @aПовестии рассказы@zrus |
| 606 | 0 | @a文学 |
| 690 | @aI512.4 | |
| 701 | 1 | @a柯丘宾斯基@Ake qiu bin si ji@bМ.@4著 |
| 701 | A1 | @aКоцюъинский@bМ.@4著 |
| 702 | 0 | @a王汶@Awang wen@4译 |
| 801 | 0 | @aCN@b上海图书馆@c20030104 |
| 801 | 2 | @aCN@bNLC@c20030104 |
| 905 | @f2@b89347-348@f3@b150638-640@dI512.4@e105 | |
| 柯丘宾斯基小说选/(俄)柯丘宾斯基(М.Коцюъинский)著/王汶译.-北京:外国文学出版社,1983 |
| 360页;19cm |
| 书名原文:Повестии рассказы |
| ISBN :CNY0.88 |
| ● |
| 相关链接 |
|
|
|
|
正题名:柯丘宾斯基小说选
索取号:I512.4/105
 
预约/预借
| 序号 | 登录号 | 条形码 | 馆藏地/架位号 | 状态 | 备注 |
| 1 | 0089347 | 000688447 | 密集书库/ [索取号:I512.4/105] | 在馆 | |
| 2 | 0089348 | 000688517 | 密集书库/ [索取号:I512.4/105] | 在馆 | |
| 3 | 0089349 | 000688526 | 第一样本阅览室/ [索取号:I512.4/105] | 在馆 | |
| 4 | 0150638 | 000688465 | 密集书库/ [索取号:I512.4/105] | 在馆 | |
| 5 | 0150639 | 000688474 | 第二借阅区/ [索取号:I512.4/105] | 在馆 | |
| 6 | 0150640 | 000688456 | 密集书库/ [索取号:I512.4/105] | 在馆 |